| 000 | 01621cam a22004814i 4500 | ||
|---|---|---|---|
| 003 | PE-LiUPU | ||
| 005 | 20250731173012.0 | ||
| 008 | 150616s r 000 0 d | ||
| 035 | _a(Sirsi) a2281 | ||
| 040 |
_aPE-LiUPU _bspa _cPE-LiUPU _erda |
||
| 049 | _aPRUA | ||
| 082 | 0 | 4 |
_a274.95 _bF42 _221 |
| 100 | 1 |
_aFestugiere, A. J., _d1898-, _eautor. |
|
| 245 | 1 | 0 |
_aEpicuro y sus dioses / _cA. J. Festugiere. |
| 264 | 1 |
_aBuenos Aires : _b1960. |
|
| 300 |
_a79 páginas ; _c23 cm. |
||
| 336 |
_atext _2rdacontent |
||
| 337 |
_aunmediated _2rdamedia |
||
| 338 |
_avolume _2rdacarrier |
||
| 490 | 0 |
_aColección cuadernos ; _v16 |
|
| 504 | _aIncluye bibliografía. | ||
| 505 | 0 | _aEl hecho religioso en los umbrales de la era helenística -- Vida de Epicuro -- La amistad epicúrea -- La religión de Epicuro -- Epicuro y la religión astral. | |
| 526 | _aSEG42 | ||
| 526 | _aSEG41 | ||
| 526 | _aSEG40 | ||
| 526 | _aSEG39 | ||
| 526 | _aP94 | ||
| 526 | _aP87 | ||
| 526 | _aP86 | ||
| 526 | _aP85 | ||
| 526 | _aP77 | ||
| 526 | _aP76 | ||
| 526 | _aP35 | ||
| 650 | 0 | 4 | _aEpicurus. |
| 651 |
_aGrecia _xReligión. |
||
| 910 |
_ajck _bjvq _cjck |
||
| 942 |
_2ddc _cBOOK |
||
| 949 |
_a274.95 F42 _wDEWEY _c1 _i06138 _lCCODEBUL1 _mBUL _p00.00 _r0 _sY _tBOOK _u2015-04-23 _xTEOLOGIA _zUNKNOWN _0COMPRA _o.STAFF. Colección General |
||
| 994 |
_aC0 _bPEPRU |
||
| 596 | _a1 | ||
| 999 |
_a274.95 F42 _wDEWEY _c23418 _i06138 _f2021-11-11 _g5 _lCCODEBUL1 _mBUL _r0 _sY _tBOOK _u2015-4-23 _xTEOLOGIA _zUNKNOWN _0COMPRA _o.STAFF. Colección General _d23418 |
||
| 980 |
_81 _gALBERTO SANCHEZ Responsable de Automatización |
||